| 000 | 00409nam a22001217a 4500 | ||
|---|---|---|---|
| 999 |
_c7037 _d7037 |
||
| 008 | 200415b ||||| |||| 00| 0 eng d | ||
| 100 | _aThe United Republic of Tanzania | ||
| 245 |
_aTanzania in Figures _cThe United Republic of Tanzania _hEnglish |
||
| 260 |
_aDar Es Salaam _bNational Bureau of Statistics _c2012 |
||
| 300 |
_aiii, _bIllustration _c16cm |
||
| 650 | _2Tanzania in Figures 2011 | ||
| 942 |
_2ddc _cBOOKS |
||